| 000 | 00373nam a2200133 a 4500 | ||
|---|---|---|---|
| 001 | 4310 | ||
| 003 | CDMR | ||
| 005 | 20130116135254.0 | ||
| 008 | 130130s2006||||||||||||||||||||||||||||d | ||
| 040 |
_aCDMR _bcat _cCPC GIRONA |
||
| 245 | 0 | _aDibuixants, humoristes i il·lustradors de 'La Vanguardia' 1881-2006 | |
| 260 |
_c2006 _bFundació Caixa Girona / La Vanguardia |
||
| 942 | _cMON | ||
| 999 |
_c4310 _d4310 |
||